| 000 | 00358nam a2200145Ia 4500 | ||
|---|---|---|---|
| 008 | 191201s2005 xx 000 0 und d | ||
| 082 |
_a621.3811 _bSHA |
||
| 100 | _aSharma, Sanjay | ||
| 245 | 0 | _aAnalog Communication System | |
| 250 | _a3rd | ||
| 260 |
_aN.Delhi _bS K Kataria and Sons _c2005 |
||
| 300 | _a524 | ||
| 650 | _aB.Tech(ECE) | ||
| 942 |
_2ddc _cBK _03 |
||
| 999 |
_c2047 _d2047 |
||